[Event "Oberliga Nord N 1819"]
[Site "Germany"]
[Date "2018.11.11"]
[Round "2.7"]
[White "Kussin, Bernd"]
[Black "Bach, Matthias"]
[Result "0-1"]
[WhiteElo "2108"]
[BlackElo "2286"]
[PlyCount "130"]
[EventDate "2018.10.21"]
[EventType "team-tourn"]
[EventRounds "9"]
[EventCountry "GER"]
[SourceTitle "EXT 2020"]
[Source "ChessBase"]
[SourceDate "2019.10.17"]
[SourceVersion "1"]
[SourceVersionDate "2019.10.17"]
[SourceQuality "1"]
[WhiteTeam "Johanneum Eppendorf"]
[BlackTeam "Hamburger SK III"]
[WhiteTeamCountry "GER"]
[BlackTeamCountry "GER"]

1. d4 Nf6 2. Nf3 c5 3. d5 d6 4. Nc3 g6 5. e4 Bg7 6. Be2 0-0 7. 0-0 Bg4 8. Nd2 Bxe2 9. Qxe2 a6 10. a4 Nbd7 11. Nc4 Rb8 12. a5 Ne8 13. Bf4 Ne5 14. Bxe5 Bxe5 15. f4 Bd4+ 16. Kh1 e6 17. Na4 exd5 18. exd5 Ng7 19. c3 Bf6 20. Rae1 h5 21. Nab6 Nf5 22. Qf2 Kg7 23. Ne3 Nh6 24. Qf3 Qc7 25. Nbc4 Rbe8 26. Re2 Re7 27. Rfe1 Rfe8 28. g3 Qd7 29. Kg2 Ng4 30. h3 Nxe3+ 31. Rxe3 Rxe3 32. Rxe3 Rxe3 33. Qxe3 Qf5 34. Nxd6 Qxd5+ 35. Ne4 Bd8 36. Kf2 Bxa5 37. Qxc5 Qxe4 38. Qxa5 Qc2+ 39. Kf1 Qb1+ 40. Kf2 Qxb2+ 41. Kg1 Qb1+ 42. Kg2 Qe4+ 43. Kh2 h4 44. gxh4 Qxf4+ 45. Kg2 Qxh4 46. Qc7 Qe4+ 47. Kg3 b5 48. Qa5 Qe6 49. Qb4 Qe3+ 50. Kg2 Qb6 51. Qb2 Kh7 52. Qb3 Qb7+ 53. Kg3 a5 54. Kf2 Kg8 55. c4 Qa7+ 56. Kg2 bxc4 57. Qxc4 Qa8+ 58. Kg3 a4 59. Qa2 Qb8+ 60. Kg4 Qb3 61. Qd2 a3 62. Qd8+ Kh7 63. h4 Qa4+ 64. Kg5 a2 65. h5 Qb5+ 0-1